Bordering the Commonwealth Quiz Stats

Quiz Updated Feb 13, 2018

Challenge
Share
Tweet
Embed
Score 0/0 Timer 00:00
5 Plays Today
Commonwealth Nation Bordering Nation % Correct
United KingdomIreland
92.4%
NigeriaNiger
89.1%
IndiaChina
88.6%
PakistanChina
88.6%
CanadaUnited States of America
87.5%
IndiaNepal
86.9%
PakistanAfghanistan
84.4%
MalaysiaIndonesia
83.9%
Papua New GuineaIndonesia
83.9%
GuyanaBrazil
82.8%
BotswanaZimbabwe
81%
MozambiqueZimbabwe
81%
South AfricaZimbabwe
81%
ZambiaZimbabwe
81%
RwandaDemocratic Republic of Congo
80.6%
TanzaniaDemocratic Republic of Congo
80.6%
UgandaDemocratic Republic of Congo
80.6%
ZambiaDemocratic Republic of Congo
80.6%
GuyanaSuriname
80.1%
CameroonChad
78.2%
NigeriaChad
78.2%
GuyanaVenezuela
76.3%
NamibiaAngola
76.3%
ZambiaAngola
76.3%
Commonwealth Nation Bordering Nation % Correct
BelizeMexico
76.2%
BangladeshMyanmar
75.4%
IndiaMyanmar
75.4%
KenyaSomalia
75.1%
KenyaEthiopia
75%
IndiaBhutan
74.5%
BelizeGuatemala
74.2%
GhanaTogo
73.9%
GhanaCôte d'Ivoire
73.8%
CameroonCentral African Republic
73.6%
PakistanIran
73.2%
The GambiaSenegal
72.2%
MalaysiaThailand
70.5%
CameroonRepublic of Congo
68.7%
NigeriaBenin
67.5%
Sierra LeoneGuinea
67.4%
KenyaSouth Sudan
67.3%
UgandaSouth Sudan
67.3%
Sierra LeoneLiberia
67.3%
RwandaBurundi
65.4%
TanzaniaBurundi
65.4%
GhanaBurkina Faso
63.9%
CameroonGabon
63.1%
CameroonEquatorial Guinea
61.9%

You're not logged in!

Compare scores with friends on all Sporcle quizzes.
Sign Up with Email
OR
Log In

You Might Also Like...

Show Comments

Extras

Top Quizzes Today


Score Distribution

Your Account Isn't Verified!

In order to create a playlist on Sporcle, you need to verify the email address you used during registration. Go to your Sporcle Settings to finish the process.

Report this User

Report this user for behavior that violates our Community Guidelines.

Details: